| 000 | 00680pam a2200217 a 4500 | ||
|---|---|---|---|
| 001 | 534516 | ||
| 005 | 20180131082111.0 | ||
| 008 | 871117s1988 enka b 100 0 eng | ||
| 010 | _a 87033958 | ||
| 020 | _a0521333954 | ||
| 040 |
_aDLC _cDLC _dDLC |
||
| 041 | _aeng | ||
| 080 | _a330.028 BAR | ||
| 082 | 0 | 0 |
_a330.028 BAR _219 |
| 100 | _a52 | ||
| 101 | _aEKO | ||
| 245 | 1 | 0 |
_aDynamic econometric modeling / _cproceedings of the Third International Symposium in Economic Theory and Econometrics ; edited by William A. Barnett, Ernst R. Berndt, Halbert White. |
| 504 | _aIncludes bibliographies. | ||
| 906 |
_a7 _bcbc _corignew _d1 _eocip _f19 _gy-gencatlg |
||
| 942 |
_2ddc _cBK |
||
| 999 |
_c41403 _d41403 |
||